LEADER 01703nam a2200337 a 4500 001 000000147912 003 CaOOAMICUS 005 20151203093022.0 008 151203s2015 gw u000 u ger r 020 $a978-3-579-02694-7 (v. 1-2)* 032 $aLibriCat 040 $aPUL$bita 100 1 $aBuber, Martin,$d1878-1965.$0(OLS)http://pul/name/5557 245 10$aChassidismus III :$bdie Erzählungen der Chassidim /$cMartin Buber ; Herausgegeben, eingeleitet und kommentiert von Ran HaCohen. 260 $aGütersloh :$bGütersloher Verlagshaus,$c©2015. 300 $a2 v. :$c23 cm. 490 1 $aMartin Buber Werkausgabe ;$v18.1-2 504 $aInclude riferimenti bibliografici ed indice. 505 0 $aV. 1. Text. -- v. 2. Kommentar. 650 4$aChassidismo.$0(OLS)http://pul/subject/41757 700 1 $aHaCohen, Ran.$0(OLS)http://pul/name/84561 800 1 $aBuber, Martin,$d1878-1965.$tOpere.$0(OLS)http://pul/nameTitle/1137$0(OLS)http://pul/name/5557$0(OLS)http://pul/title/5258 830 0$aMartin Buber Werkausgabe ;$v18.1-2.$0(OLS)http://pul/title/151025 850 $aPUL 852 $aPUL$W1$xSL Religione 1$y3$m7(1) M 8.18.1$j170747$bv. 1$qStampati$B171730$CPULBib$Z2$F171730 $H126680 $81 852 $aPUL$W1$xSL Religione 1$y3$m7(1) M 8.18.2$j170748$bv. 2$qStampati$B171731$CPULBib$Z2$F171731 $H126681 $81 941 1 $a8 996 $6020$a978-3-579-02694-7 (v. 1-2)*$9(OLS)http://pul/number/159166 996 $6245$aChassidismus III :$bdie Erzählungen der Chassidim$9(OLS)http://pul/title/186644 996 $6260$aGütersloh :$bGütersloher Verlagshaus$9(OLS)http://pul/publisher/67356 LEADER 01838nam a2200373 a 4500 001 000000172463 003 CaOOAMICUS 005 20190802154849.0 008 190802s2015 xxk 000 u eng r 020 $a978-0-277-17481-4* 032 $aLibriCat 040 $aPUL$bita 082 14$a241 100 1 $aLefler, Nathan.$0(OLS)http://pul/name/110714 245 10$aTheologizing friendship : $bhow amicitia in the thought of Aelred and Aquinas inscribes the scholastic turn / $cNathan Lefler ; with a foreword by Austin G. Murphy, OSB. 260 $aCambridge :$bJames Clarke & co,$c2015. 300 $axvi, 178 p. ;$c23 cm 504 $aBibliografia in nota a piè pagina e alle p. 171-178. 600 04$aThomas Aquinas,$cs.,$dc. 1225-1274$xTeologia.$0(OLS)http://pul/subject/9426 600 04$aEthelredus,$cs.,$d1110-1167.$0(OLS)http://pul/subject/36065 650 4$aAmicizia (Teologia).$0(OLS)http://pul/subject/40883 700 1 $aMurphy, Austin G. $q(Gregory),$cO.S.B.,$d1974-$0(OLS)http://pul/name/110715 850 $aPUL 852 $aPUL$W1$xSL Religione 3$y85$m241 LEFNA 1$j196383$qDDC 21$B201148$CPULBib$Z2$F201148 $H133333 $81 941 1 $a9 960 $aAelredus Rievallensis,$cs.,$d1110-1167$936065 960 $aAelred de Rievaux,$cs.,$d1110-1167$936065 960 $aAelred, $bdi Rievaulx,$cs.,$d1110-1167?$936065 960 $aRievaulx, Aelred de,? $cs.,$d1110-1167?$936065 996 $6020$a978-0-277-17481-4*$9(OLS)http://pul/number/166543 996 $6082$a241$9(OLS)http://pul/classification/246 996 $6245$aTheologizing friendship : $bhow amicitia in the thought of Aelred and Aquinas inscribes the scholastic turn / $9(OLS)http://pul/title/213403 996 $6260$aCambridge :$bJames Clarke & co$9(OLS)http://pul/publisher/87198